Probability & statistics for engineers & scientists / (Record no. 5052)

MARC details
000 -LEADER
fixed length control field 01175cac a2200349 i 4500
003 - CONTROL NUMBER IDENTIFIER
control field EG-ScBUE
005 - DATE AND TIME OF LATEST TRANSACTION
control field 20241027100629.0
008 - FIXED-LENGTH DATA ELEMENTS--GENERAL INFORMATION
fixed length control field 150812t2007 njua f b 001 0 eng d
020 ## - INTERNATIONAL STANDARD BOOK NUMBER
International Standard Book Number 0132047675
020 ## - INTERNATIONAL STANDARD BOOK NUMBER
International Standard Book Number 9780132047678
040 ## - CATALOGING SOURCE
Original cataloging agency EG-ScBUE
Language of cataloging eng
Description conventions rda
Transcribing agency EG-ScBUE
Modifying agency EG-ScBUE
082 04 - DEWEY DECIMAL CLASSIFICATION NUMBER
Classification number 519.02462
Item number PRO
Edition number 22
245 00 - TITLE STATEMENT
Title Probability & statistics for engineers & scientists /
Statement of responsibility, etc Ronald E. Walpole, Roanoke College, [and three others]
246 30 - VARYING FORM OF TITLE
Title proper/short title Probability and statistics for engineers and scientists
250 ## - EDITION STATEMENT
Edition statement Eighth edition.
250 ## - EDITION STATEMENT
Edition statement International edition.
264 #1 - PUBLICATION, DISTRIBUTION, ETC. (IMPRINT)
Place of publication, distribution, etc Upper Saddle River :
Name of publisher, distributor, etc Prentice Hall,
Date of publication, distribution, etc [2007]
264 #4 - PUBLICATION, DISTRIBUTION, ETC. (IMPRINT)
Date of publication, distribution, etc c2007
300 ## - PHYSICAL DESCRIPTION
Extent 816 pages :
Other physical details illustrations ;
Dimensions 24 cm
336 ## - CONTENT TYPE
Source rdacontent
Content type term text
Content type code txt
337 ## - MEDIA TYPE
Media type term unmediated
Source rdamedia
Media type code n
338 ## - CARRIER TYPE
Carrier type term volume
Carrier type code nc
Source rdacarrier
504 ## - BIBLIOGRAPHY, ETC. NOTE
Bibliography, etc Includes bibliographical references and index.<br/>
590 ## - LOCAL NOTE (RLIN)
Local note doaa mohamed
650 #7 - SUBJECT ADDED ENTRY--TOPICAL TERM
Topical term or geographic name as entry element Engineering
General subdivision Statistical methods.
Source of heading or term BUEsh
650 #7 - SUBJECT ADDED ENTRY--TOPICAL TERM
Topical term or geographic name as entry element Probabilities.
Source of heading or term BUEsh
651 ## - SUBJECT ADDED ENTRY--GEOGRAPHIC NAME
Source of heading or term BUEsh
653 ## - INDEX TERM--UNCONTROLLED
Resource For college Engineering, General
Arrived date list August2015
655 ## - INDEX TERM--GENRE/FORM
Form subdivision Reading book
700 1# - ADDED ENTRY--PERSONAL NAME
Personal name Walpole, Ronald E.,
Relator term author.
9 (RLIN) 9767
942 ## - ADDED ENTRY ELEMENTS (KOHA)
Koha item type Book - Borrowing
Source of classification or shelving scheme Dewey Decimal Classification
Holdings
Withdrawn status Lost status Source of classification or shelving scheme Damaged status Not for loan Collection code Home library Current library Shelving location Date acquired Source of acquisition Total Checkouts Total Renewals Full call number Barcode Date last seen Date checked out Koha item type Materials specified (bound volume or other part)
    Dewey Decimal Classification     Baccah Central Library Central Library First floor 11/10/2007 Purchase 6 1 519.02462 PRO 000002327 15/07/2025 02/12/2010 Book - Borrowing  
    Dewey Decimal Classification     Baccah Central Library Central Library First floor 07/10/2011 Purchase 9 16 519.02462 PRO 000006307 15/07/2025 25/09/2018 Book - Borrowing  
    Dewey Decimal Classification     Baccah Central Library Central Library First floor 07/10/2011 Purchase 11 26 519.02462 PRO 000006293 15/07/2025 27/10/2024 Book - Borrowing  
    Dewey Decimal Classification     Baccah Central Library Central Library First floor 07/10/2011 Purchase 2   519.02462 PRO 000006292 15/07/2025 25/11/2009 NB - Book (Non borrowing)  
    Dewey Decimal Classification     Baccah Central Library Central Library First floor 07/12/2016 Purchase 9 25 519.02462 PRO 000008470 15/07/2025 26/12/2018 Book - Borrowing  
  Lost Dewey Decimal Classification     Baccah Central Library Central Library First floor 05/11/2009       519.02462 PRO 00001880 05/11/2009   Book - Borrowing Lost In Inventory_24-8-2022
    Dewey Decimal Classification     Baccah Central Library Central Library First floor 05/11/2009 Purchase 1 3 519.02462 PRO 000018881 15/07/2025 05/11/2009 Book - Borrowing  
    Dewey Decimal Classification     Baccah Central Library Central Library First floor 05/11/2009 Purchase 4 31 519.02462 PRO 000018882 15/07/2025 02/11/2014 Book - Borrowing  
    Dewey Decimal Classification     Baccah Central Library Central Library First floor 08/12/2009 Purchase 3 17 519.02462 PRO 000030194 15/07/2025 27/10/2024 Book - Borrowing